|
|
|
|
| LEADER |
02165nam a2200553 i 4500 |
| 001 |
nkc20162806321 |
| 003 |
CZ PrNK |
| 005 |
20190204235009.0 |
| 007 |
ta |
| 008 |
170111s2016 xr a e f 001 0 cze |
| 015 |
|
|
|a cnb002806321
|
| 020 |
|
|
|a 978-80-248-3928-8
|q (brožováno)
|
| 035 |
|
|
|a (OCoLC)982100962
|
| 040 |
|
|
|a ABA001
|b cze
|e rda
|
| 041 |
0 |
|
|a cze
|b eng
|
| 072 |
|
7 |
|a 37
|x Výchova a vzdělávání
|2 Konspekt
|9 22
|
| 080 |
|
|
|a 37.0
|2 MRF
|
| 080 |
|
|
|a 316.613
|2 MRF
|
| 080 |
|
|
|a 331.546
|2 MRF
|
| 080 |
|
|
|a (072)
|2 MRF
|
| 100 |
1 |
|
|a Balcar, Jiří,
|d 1980-
|7 mzk2011636332
|4 aut
|
| 245 |
1 |
0 |
|a Rozvoj měkkých kompetencí na základních, středních a vysokých školách /
|c Jiří Balcar, Stanislav Knob
|
| 250 |
|
|
|a 1. vydání
|
| 264 |
|
1 |
|a Ostrava :
|b Vysoká škola báňská - Technická univerzita Ostrava, Ekonomická fakulta,
|c 2016
|
| 300 |
|
|
|a vii, 135 stran :
|b barevné ilustrace ;
|c 22 cm
|
| 336 |
|
|
|a text
|b txt
|2 rdacontent
|
| 337 |
|
|
|a bez média
|b n
|2 rdamedia
|
| 338 |
|
|
|a svazek
|b nc
|2 rdacarrier
|
| 490 |
1 |
|
|a Series of economics textbooks
|
| 500 |
|
|
|a 300 výtisků
|
| 504 |
|
|
|a Obsahuje bibliografii, bibliografické odkazy a rejstřík
|
| 546 |
|
|
|a Anglické resumé
|
| 650 |
0 |
7 |
|a výchova a vzdělávání
|7 ph127419
|2 czenas
|
| 650 |
0 |
7 |
|a měkké dovednosti
|7 ph944535
|2 czenas
|
| 650 |
0 |
7 |
|a profesní kompetence
|7 ph136580
|2 czenas
|
| 650 |
0 |
9 |
|a education
|2 eczenas
|
| 650 |
0 |
9 |
|a soft skills
|2 eczenas
|
| 650 |
0 |
9 |
|a vocational qualifications
|2 eczenas
|
| 655 |
|
7 |
|a metodické příručky
|7 fd132826
|2 czenas
|
| 655 |
|
9 |
|a methodological manuals
|2 eczenas
|
| 700 |
1 |
|
|a Knob, Stanislav,
|d 1981-
|7 mzk2009544497
|4 aut
|
| 810 |
2 |
|
|a Vysoká škola báňská - Technická univerzita Ostrava.
|b Ekonomická fakulta.
|t Series of economics textbooks
|0 s
|
| 856 |
4 |
1 |
|u http://www.digitalniknihovna.cz/mzk/uuid/uuid:69a4f3a0-0455-11e9-bc37-005056827e51
|y Digitalizovaný dokument
|x NDK
|
| 910 |
2 |
|
|a BOA001
|b 2-1381.123
|
| 928 |
9 |
|
|a VŠB-TU Ostrava
|
| 990 |
|
|
|a BK
|
| 995 |
|
|
|a 01
|
| 991 |
|
|
|b 201702
|c NOV
|
| 996 |
6 |
|
|b 2610694637
|c 2-1381.123
|l MZK
|r Sklad / do 1 hodiny
|n 6
|p p.v.
|w 001595858
|u 000010
|a 1
|e BOA001
|j MZK50
|s P
|